By reason or force: Chile and the balancing of power in South America, 1830-1905
Gardado en:
| Autor Principal: | |
|---|---|
| Formato: | Libro |
| Idioma: | inglés |
| Publicado: |
Berkeley
University of California
1974
|
| Series: | University of California Publications in History, 77
|
| Subjects: | |
| Tags: |
Engadir etiqueta
Sen Etiquetas, Sexa o primeiro en etiquetar este rexistro!
|
MARC
| LEADER | 00000nam a2200000 a 4500 | ||
|---|---|---|---|
| 001 | UCT7061 | ||
| 003 | CL-VaPUC | ||
| 008 | 970116e19740000US |||||||||||||||||eng|d | ||
| 082 | 0 | 4 | |a 327.83 |b BUR |2 21 |
| 100 | 0 | |a Burr, Robert N |e author |9 377655 | |
| 245 | 1 | 0 | |a By reason or force: Chile and the balancing of power in South America, 1830-1905 |
| 300 | |a 322 p | ||
| 942 | |c BK | ||
| 945 | |d 19970116 00:00:00 |a paguirre | ||
| 260 | |a Berkeley |b University of California |c 1974 | ||
| 650 | 0 | |a Relaciones Internacionales |9 255740 | |
| 650 | 0 | |a Política internacional |9 255813 | |
| 650 | 0 | |a Fronteras |9 338773 | |
| 650 | 0 | |a Conflicto internacional |9 341259 | |
| 650 | 0 | |a Guerra |9 255876 | |
| 650 | 7 | |a TENSION INTERNACIONAL |2 CL-VaPUC |9 341260 | |
| 651 | 7 | |a CHILE |2 CL-VaPUC |9 377656 | |
| 583 | |a last modification |c 19970116 00:00:00 |k Rodrigo Vera | ||
| 490 | 0 | |a University of California Publications in History, 77 | |
| 999 | |c 255723 |d 255721 | ||
| 952 | |0 0 |1 0 |4 0 |6 327_830000000000000_BUR_1974 |7 0 |8 A |9 278111 |a BIBDER |b BIBDER |d 2019-11-19 |i 1805770 |o 327.83 BUR 1974 |p 1805770 |r 2023-01-25 |w 2019-11-19 |y BK |k DER | ||